000 01117nam1a2200277 i 4500
001 RU\NLR\BIBL_A\022152005
005 20240922082758.0
035 _a(NLR Aleph) 022152005
090 _a12895490
_c12895490
100 _a20240228g19249999u y0rusy50 ca
101 0 _aukr
102 _aRU
105 _a ag
181 0 _ai
_baxxe
182 0 _an
200 1 _aМатерiяли до Української бiблиоѓрафiї
_fвидає Бiблиоѓрафiчна комiсiя наукова товариства iмени Шевченка
203 _aТекст
_bвизуальный
_cнепосредственный
210 _aУ Львовi
_cЗ друкарнi Товариства iмени Шевченка
_d1924-
215 _d23
300 _aПублiкацiї в укр. мовi
712 0 2 _4570
_7ca
_8ukr
_aНаукове товариство iм. Шевченка
_bБiблиоѓрафiчна комiсiя
_cЛьвiв
_9877324
_3RU\NLR\AUTH\880605473
852 _aNLR
_jс407Укр-420/К-17
942 _cBOOK